Name that Dutch named countries in English! - Statistics

General Stats
  • This quiz has been taken 41 times
  • The average score is 44 of 46
Answer Stats
Dutch English % Correct
België Belgium
100%
Denemarken Denmark
100%
Finland Finland
100%
Frankrijk France
100%
Duitsland Germany
100%
IJsland Iceland
100%
Ierland Ireland
100%
Italië Italy
100%
Luxemburg Luxembourg
100%
Norwegen Norway
100%
Portugal Portugal
100%
Rusland Russia
100%
Spanje Spain
100%
Zweden Sweden
100%
Zwitserland Switzerland
100%
Nederland The Netherlands
100%
Andorra Andorra
97%
Estland Estonia
97%
Letland Latvia
97%
Albanië Albania
95%
Oostenrijk Austria
95%
Bulgarije Bulgaria
95%
Kroatië Croatia
95%
Griekenland Greece
95%
Hongarije Hungary
95%
Kosovo Kosovo
95%
Liechtenstein Liechtenstein
95%
Litouwen Lithuania
95%
Macedonië Macedonia
95%
Malta Malta
95%
Monaco Monaco
95%
Montenegro Montenegro
95%
Polen Poland
95%
Roemenië Romania
95%
San Marino San Marino
95%
Servië Serbia
95%
Slowakije Slovakia
95%
Slovenië Slovenia
95%
Oekraïne Ukraine
95%
Verenigd Koninkrijk United Kingdom
95%
Vaticaanstad Vatican City
95%
Tjechië Czech Republic
92%
Wit-Rusland Belarus
89%
Moldavië Moldova
89%
Bosnië en Herzegovina Bosnia and Herzegovina
84%
Turkije Turkey
63%
No matching quizzes found
Score Distribution
Percent of People with Each Score
Percentile by Number Answered
Your Score History
You have not taken this quiz